Movies Quiz

Random Movies or Actor Quiz

Cast of The Quick and the Dead (Clickable) Quiz Stats

Quiz not verified by Sporcle

Challenge
Share
Tweet
Embed
Score 0/15 Timer 05:00
0 Plays Today
% Correct
Leonardo DiCaprio
90.5%
Gene Hackman
87.6%
Sharon Stone
86.7%
Russell Crowe
81%
Lance Henriksen
81%
Pat Hingle
80%
Roberts Blossom
79%
Kevin Conway
77.1%
% Correct
Keith David
77.1%
Raynor Scheine
76.2%
Mark Boone Junior
74.3%
Olivia Burnette
74.3%
Woody Strode
70.5%
Tobin Bell
68.6%
Gary Sinise
61.9%

You're not logged in!

Compare scores with friends on all Sporcle quizzes.
Join for Free
OR
Log In

You Might Also Like...

Show Comments

Extras

Top Quizzes Today


Score Distribution

Your Account Isn't Verified!

In order to create a playlist on Sporcle, you need to verify the email address you used during registration. Go to your Sporcle Settings to finish the process.

Report this User

Report this user for behavior that violates our Community Guidelines.

Details: